000 01859nam a2200457 c 4500
999 _c50195
_d50195
001 50195
003 ES-MaCES
005 20171114124539.0
008 171113s2017 sp 100 | spa d
017 _aSE 1548-2017
_bDL
020 _a9788469752524
040 _aES-MaCES
_bspa
_cES-MaCES
111 2 _aJornadas Universitarias Andaluzas de Derecho del Trabajo y Relaciones Laborales
_n35ª
_d2016
_cHuelva
_938696
245 1 0 _aLibre circulación de trabajadores en la Unión Europea
_b: treinta años en la Unión
_cXXXV Jornadas Universitarias Andaluzas de Derecho del Trabajo y Relaciones Laborales [Huelva, 15 y 16 de dic. de 2016] ; Juan Gorelli Hernández, coord.
260 _aSevilla
_bConsejo Andaluz de Relaciones Laborales
_c[2017]
300 _a371 p.
_c24 cm
490 1 _aMonografías de temas laborales
_v59
504 _aBibliografía
541 _cGratuito
650 4 _alibre circulación
_929880
650 4 _amovilidad de la mano de obra
_928354
650 4 _atrabajador migrante
_928408
650 4 _atrabajador expatriado
_929201
650 4 _atraslado geográfico de un empleado
_930655
650 4 _arelaciones laborales
_928369
650 4 _aderechos de los trabajadores
_929924
650 4 _aprotección social
_929076
650 4 _apolítica comunitaria
_930776
650 4 _aderecho comunitario
_929866
650 4 _aderecho del trabajo
_927165
650 4 _aEspaña
_926964
650 4 _a1968-2014
_938701
650 4 _aconferencia
_927013
653 1 0 _aRelaciones laborales-Empleo
700 1 _aGorelli Hernández, Juan
_ecoord.
_913963
710 2 _aConsejo Andaluz de Relaciones Laborales
_eed.
_92337
787 0 _tReforma de las Administraciones Públicas y empleo público
_w(ES-MaCES)47024
830 0 _aMonografías de temas laborales
_v59
_933850
902 _aLIB Libro
942 _2CES
_cBK
_h2.0.